Statistics for Countries Blacked Out - Oceania

Click here to take the quiz!

General Stats

  • This quiz has been taken 93 times
  • The average score is 9 of 10

Answers on the Map

Answers color-coded by a green-red scale on the quiz's map according to % correct below.
 

Answer Stats

Answer% Correct
Nauru
98%
New Zealand
98%
Tuvalu
98%
Fiji
97%
Fed. States of Micronesia
95%
Kiribati
95%
Vanuatu
95%
Solomon Islands
94%
Solomon Islands
94%
Papua New Guinea
62%

Score Distribution

Percentile by Number Answered

Percent of People with Each Score

Your Score History

You have not taken this quiz